Word Ladder: Boxing Great II Quiz Stats

Quiz Updated Dec 4, 2015

Challenge
Share
Tweet
Embed
Score 0/14 Timer 01:00
0 Plays Today
Hint 3-Letter Word % Correct
● Adult human male ●● MAN ●
98.2%
Tennis court dividerNET
96.3%
Urinate (informal)PEE
96.1%
● Arcade game: ___-Man ●● PAC ●
95.8%
EncounteredMET
93.5%
Chest muscle (informal)PEC
93.2%
Floor coveringMAT
92.4%
Hint 3-Letter Word % Correct
● Lock opening device ●● KEY ●
91.8%
Money received for workPAY
91.8%
● Maiden name indicator ●● NÉE ●
89.9%
Friendly greetingHEY
88.6%
Steward of King ArthurKAY
80.7%
● Tool used for weeding ●● HOE ●
77.9%
'Today', in SpanishHOY
77.2%

Today's Daily Dose

Missing Word
1998 A-Z Movies

Word Ladder
5 Vowel Sounds

Quick Pick
Legal Terms

On This Day
June 25th II

You're not logged in!

Compare scores with friends on all Sporcle quizzes.
Join for Free
OR
Log In

You Might Also Like...

Show Comments

Extras

Top Quizzes Today


Score Distribution

Your Account Isn't Verified!

In order to create a playlist on Sporcle, you need to verify the email address you used during registration. Go to your Sporcle Settings to finish the process.

Report this User

Report this user for behavior that violates our Community Guidelines.

Details: